000 01700cam a2200181 4500500
005 20260322002322.0
041 _afre
042 _adc
100 1 0 _aAllam-Firley, Débora
_eauthor
700 1 0 _aDepret, Marc-Hubert
_eauthor
700 1 0 _aMerlin-Brogniart, Céline
_eauthor
245 0 0 _aThe Digital Transformation of The French Non-Life Insurance Sector: Issues, Challenges and Research Prospects
260 _c2025.
500 _a32
520 _aThis paper examines the digital transformation of French non-life insurance services, focusing particularly on the impact of artificial intelligence (AI) adoption and insurtech. AI is boosting the productivity of services and reducing costs but also implies strategic, financial and ethical challenges. To analyze the knowledge and practice areas, we mobilize the work of Ivanov and Webster (2019). These authors highlight the various dynamics that crystallize the issues of AI in insurance services. This conceptual framework is based on the insurer organization and identifies the activities that can be outsourced in its value chain and those managed in-house. Other insurers and AI-providing service providers represent the other side of this ecosystem. Our findings reveal that AI and insurtech are driving profound structural changes in the insurance ecosystem. These changes include a shift from ex-post compensation to ex-ante prevention, from segmentation-based to behavioural pricing, and from retrospective to prospective risk management.
786 0 _nInnovations | special issue | HS1 | 2025-10-10 | p. 112-112 | 1267-4982
856 4 1 _uhttps://shs.cairn.info/revue-innovations-2025-HS1-page-112?lang=en&redirect-ssocas=7080
999 _c1722322
_d1722322